ბათუმის შოთა რუსთაველის სახელმწიფო უნივერსიტეტის ბიბლიოთეკა

ხისა და პლასტმასის კონსტრუქციები : (ბიბ.ჩანაწერი № 39061)

000 -ლიდერი
ფიქსირებული სიგრძის საკონტროლო ველი 01033nam a2200241Ia 4500
001 - საკონტროლო ნომერი
საკონტროლო ველი 5604
003 - საკონტროლო ნომრის იდენტიფიკატორი
საკონტროლო ველი GE_BSU
005 - ბოლო ოპერაციის თარიღი და დრო
საკონტროლო ველი 20190602025335.0
008 - ფიქსირებული სიგრძის მონაცემთა ელემენტები - ზოგადი ინფორმაცია
ფიქსირებული სიგრძის საკონტროლო ველი 181216s1988||||ge |||||||||||||| ||geo||
040 ## - კატალოგიზაციის წყარო
Transcribing agency GE_BSU
041 ## - ენის კოდი
Language code of text/sound track or separate title geo
080 ## - უნივერსალური ათობითი კლასიფიკაციის ინდექსი
Universal Decimal Classification number 624.011(075.8) ბ-56
100 ## - მთავარი ჩანაწერი - პიროვნების სახელი
Personal name ბერიშვილი, ი.
9 (RLIN) 338
245 ## - ცნობა სათაურის შესახებ
Title ხისა და პლასტმასის კონსტრუქციები :
Remainder of title სახელმძღვ . /
Statement of responsibility, etc ი. ბერიშვილი ; რედ. პ. ლაბარტყავა.
264 ## - წარმოების, გამოცემის, დისტრიბუციის და სხვა ცნობები
გამოცემის, წარმოების, დისტრიბუციის... ადგილი თბილისი :
გამოცემის, წარმოების, დისტრიბუციის... სახელწოდება განათლება ,
გამოცემის, წარმოების, დისტრიბუციის... თარიღი 1988 .
300 ## - ფიზიკური აღწერა
Extent 440 გვ ;
Dimensions 22სმ .
504 ## - BIBLIOGRAPHY, ETC. NOTE
Bibliography, etc ბიბლიოგრ. : გვ.432
653 ## - INDEX TERM--UNCONTROLLED
Uncontrolled term ხისა და პლასტმასის კონსტრუქციები ;
653 ## - INDEX TERM--UNCONTROLLED
Uncontrolled term მშენებლობა
700 ## - ADDED ENTRY--PERSONAL NAME
Personal name ი.ბერიშვილი
9 (RLIN) 339
700 ## - ADDED ENTRY--PERSONAL NAME
Personal name პ. ლაბარტყავა.
Relator term რედაქტორი
9 (RLIN) 340
942 ## - ADDED ENTRY ELEMENTS (KOHA)
Koha item type წიგნი
Source of classification or shelving scheme
ეგზემპლარები
ჩამოწერის სტატუსი დაკარგული ეგზემპლარის სტატუსი კლასიფიკაციის წყარო ან თაროზე გაწყობის სქემა დაზიანების სტატუსი არ გაიცემა მუდმივი მდებარეობა (დაცვის ადგილი) ამჟამინდელი ადგილსამყოფელი თაროზე განთავსების ადგილი შეძენის თარიღი ღირებულება, შესყიდვის ნორმალური ფასი სრული შენახვის შიფრი შტრიხკოდი ბოლო ოპერაციის თარიღი ეგზემპლარის მიმდევრობითი ნომერი (კეტერი?) ფასის ძალაში შესვლის თარიღი ეგზემპლარის სახეობა საჯარო შენიშვნა
          ტექნოლოგიური ფაკულტეტის ბიბლიოთეკა ტექნოლოგიური ფაკულტეტის ბიბლიოთეკა წიგნსაცავი 2018-12-17 2.00 624.011(075.8) ბ-56 11276 2018-12-17 11276 2018-12-17 წიგნი 2 ლ.
          ტექნოლოგიური ფაკულტეტის ბიბლიოთეკა ტექნოლოგიური ფაკულტეტის ბიბლიოთეკა წიგნსაცავი 2018-12-17 2.00 624.011(075.8) ბ-56 11277 2018-12-17 11277 2018-12-17 წიგნი 2 ლ.
          ტექნოლოგიური ფაკულტეტის ბიბლიოთეკა ტექნოლოგიური ფაკულტეტის ბიბლიოთეკა წიგნსაცავი 2018-12-17 2.00 624.011(075.8) ბ-56 11278 2018-12-17 11278 2018-12-17 წიგნი 2 ლ.
          ტექნოლოგიური ფაკულტეტის ბიბლიოთეკა ტექნოლოგიური ფაკულტეტის ბიბლიოთეკა წიგნსაცავი 2018-12-17 2.00 624.011(075.8) ბ-56 11279 2018-12-17 11279 2018-12-17 წიგნი 2 ლ.
          ტექნოლოგიური ფაკულტეტის ბიბლიოთეკა ტექნოლოგიური ფაკულტეტის ბიბლიოთეკა წიგნსაცავი 2018-12-17 2.00 624.011(075.8) ბ-56 11280 2018-12-17 11280 2018-12-17 წიგნი 2 ლ.